[Event "Zalakaros open (Barczay memorial)"]
[Site "Zalakaros"]
[Date "2019.05.23"]
[Round "1.1"]
[White "Palczert, Matyas"]
[Black "Horvath, Adam"]
[Result "0-1"]
[WhiteElo "2007"]
[BlackElo "2531"]
[PlyCount "94"]
[EventDate "2019.05.23"]
[EventType "swiss"]
[EventRounds "9"]
[EventCountry "HUN"]

1. e4 c5 2. Nf3 Nc6 3. d4 cxd4 4. Nxd4 e6 5. Nc3 Qc7 6. Be3 a6 7. Qf3 d6 8.
O-O-O Bd7 9. g4 Rc8 10. Bg2 Ne5 11. Qe2 Nc4 12. Nb1 e5 13. Nf5 g6 14. b3 gxf5
15. Qxc4 Qxc4 16. bxc4 f4 17. Bd2 Bxg4 18. f3 Be6 19. Bb4 Rxc4 20. Bxd6 Bxd6
21. Rxd6 Ne7 22. Kb2 Nc6 23. Nd2 Rd4 24. Rxd4 Nxd4 25. c3 Nb5 26. Bf1 Rg8 27.
a4 Nd6 28. c4 b6 29. Kc3 Kd7 30. Bd3 Nb7 31. Nb3 a5 32. Rd1 Kc7 33. c5 Nxc5 34.
Nxc5 bxc5 35. Rb1 Rb8 36. Rxb8 Kxb8 37. Bc2 Kc7 38. Kd2 Bc4 39. Bd1 Kd6 40. Bc2
Ba2 41. Kc3 c4 42. Bd1 Kc5 43. Be2 Bb3 44. h4 f6 45. h5 h6 46. Bf1 Bxa4 47.
Bxc4 Bd1 0-1

[Event "Zalakaros open (Barczay memorial)"]
[Site "Zalakaros"]
[Date "2019.05.23"]
[Round "1.3"]
[White "Toth, Nikoletta"]
[Black "Bokros, Albert"]
[Result "0-1"]
[WhiteElo "1997"]
[BlackElo "2461"]
[PlyCount "142"]
[EventDate "2019.05.23"]
[EventType "swiss"]
[EventRounds "9"]
[EventCountry "HUN"]

1. d4 e6 2. Bf4 Nf6 3. e3 b6 4. Nf3 Bb7 5. Bd3 Be7 6. h3 c5 7. c3 O-O 8. O-O d6
9. Nbd2 cxd4 10. exd4 Nbd7 11. Qe2 a6 12. Rfe1 Re8 13. Ne4 Nxe4 14. Bxe4 Bxe4
15. Qxe4 Nf6 16. Qe2 h6 17. Bh2 Qd7 18. Red1 b5 19. Ne1 a5 20. Nd3 Rec8 21. a3
Qc6 22. Rac1 Ra7 23. f3 Rb7 24. Qd2 Nd5 25. Qf2 Bf6 26. Bf4 Nxf4 27. Nxf4 Bg5
28. Qg3 Kh8 29. h4 Bxf4 30. Qxf4 Rbc7 31. Kh2 Kg8 32. d5 exd5 33. Qd4 Re7 34.
Qxd5 Re2 35. b3 Rb2 36. b4 a4 37. Qxd6 Qxf3 38. Rd2 Rxd2 39. Qxd2 Qe4 40. g3
Re8 41. Rc2 Qc4 42. Qd4 Qb3 43. Rf2 Rf8 44. Qc5 Qxa3 45. Qxb5 Qxc3 46. Qxa4 Qe1
47. Kg2 Qe4+ 48. Kh2 Qd4 49. Kg2 Qd5+ 50. Kh2 Rb8 51. Rb2 Qd4 52. Qb3 Rc8 53.
Rg2 Rc1 54. b5 Qe4 55. b6 Qe1 56. Kh3 Qh1+ 57. Rh2 Qf1+ 58. Rg2 Rb1 59. Qc3
Rxb6 60. Qc8+ Kh7 61. Qc2+ g6 62. Qf2 Qh1+ 63. Rh2 Qb7 64. Rg2 Rb1 65. Kh2 h5
66. Qf4 Kg8 67. Qe3 Qa8 68. Rg1 Qa2+ 69. Kh3 Rb2 70. Qe8+ Kh7 71. g4 Rh2+ 0-1

[Event "Zalakaros open (Barczay memorial)"]
[Site "Zalakaros"]
[Date "2019.05.23"]
[Round "1.5"]
[White "Stifter, Ewald"]
[Black "Horvath, Jozsef"]
[Result "0-1"]
[WhiteElo "1977"]
[BlackElo "2451"]
[PlyCount "72"]
[EventDate "2019.05.23"]
[EventType "swiss"]
[EventRounds "9"]
[EventCountry "HUN"]

1. Nf3 g6 2. g3 Bg7 3. d4 d6 4. Bg2 Nf6 5. O-O O-O 6. Nc3 Na6 7. e4 c5 8. h3
cxd4 9. Nxd4 Nc5 10. Be3 Bd7 11. Nb3 Nxb3 12. axb3 Qb8 13. Qd2 Re8 14. Ra2 Bc6
15. Rfa1 a6 16. b4 Qc8 17. Nd5 Nxd5 18. exd5 Bd7 19. Kh2 e5 20. c3 Qd8 21. c4
Rc8 22. c5 Bb5 23. Rc1 e4 24. Bf1 Bxf1 25. Rxf1 Be5 26. Raa1 h5 27. f4 exf3 28.
Rxf3 h4 29. Bf4 hxg3+ 30. Bxg3 dxc5 31. Raf1 Qd6 32. Rxf7 Bxg3+ 33. Kg1 Rf8 34.
R1f6 Rxf7 35. Rxd6 Bxd6 36. Qg5 cxb4 0-1

[Event "Zalakaros open (Barczay memorial)"]
[Site "Zalakaros"]
[Date "2019.05.23"]
[Round "1.6"]
[White "Bagi, Mate"]
[Black "Kolimar, Kristof Pal"]
[Result "1-0"]
[WhiteElo "2450"]
[BlackElo "1971"]
[PlyCount "33"]
[EventDate "2019.05.23"]
[EventType "swiss"]
[EventRounds "9"]
[EventCountry "HUN"]

1. e4 c5 2. Nf3 e6 3. d4 cxd4 4. Nxd4 a6 5. Be2 Qc7 6. O-O Nc6 7. Nc3 b5 8.
Nxc6 dxc6 9. a4 Bb7 10. axb5 cxb5 11. Nxb5 axb5 12. Bxb5+ Ke7 13. Rxa8 Bxa8 14.
Qd4 Nf6 15. Rd1 Nxe4 16. Bf4 Qa5 17. b4 1-0

[Event "Zalakaros open (Barczay memorial)"]
[Site "Zalakaros"]
[Date "2019.05.23"]
[Round "1.9"]
[White "Fultner, Jaromir"]
[Black "Almasi, Istvan"]
[Result "0-1"]
[WhiteElo "1952"]
[BlackElo "2407"]
[PlyCount "74"]
[EventDate "2019.05.23"]
[EventType "swiss"]
[EventRounds "9"]
[EventCountry "HUN"]

1. e4 d6 2. d4 Nf6 3. Nc3 g6 4. Nf3 Bg7 5. Bd3 O-O 6. O-O a6 7. a4 Nc6 8. h3 e5
9. d5 Nb4 10. Ne2 Nbxd5 11. exd5 e4 12. Ng3 exd3 13. Qxd3 Bd7 14. Be3 b5 15.
axb5 axb5 16. c3 Qc8 17. Bg5 Qb7 18. Bxf6 Bxf6 19. Rfe1 b4 20. Ne4 Bg7 21. Qd2
bxc3 22. bxc3 Rxa1 23. Rxa1 Qb3 24. Rc1 Qc4 25. Ng3 Re8 26. Kh2 h6 27. Rc2 Ba4
28. Rc1 Bd7 29. Rc2 Bc8 30. Ne2 Bf5 31. Rb2 Be4 32. Qe3 Qxd5 33. Ng3 Qa8 34.
Nxe4 Qxe4 35. Qxe4 Rxe4 36. Rb4 Rxb4 37. cxb4 Kf8 0-1

[Event "Zalakaros open (Barczay memorial)"]
[Site "Zalakaros"]
[Date "2019.05.23"]
[Round "1.11"]
[White "Majoros, Rozsa Evelin"]
[Black "Srinath, Rao S.V"]
[Result "0-1"]
[WhiteElo "1942"]
[BlackElo "2395"]
[PlyCount "72"]
[EventDate "2019.05.23"]
[EventType "swiss"]
[EventRounds "9"]
[EventCountry "HUN"]

1. e4 e6 2. d4 d5 3. Nc3 Nf6 4. e5 Nfd7 5. f4 c5 6. Nf3 Nc6 7. Be3 a6 8. Qd2 b5
9. Nd1 Bb7 10. c3 b4 11. Bd3 bxc3 12. Nxc3 cxd4 13. Nxd4 Bc5 14. Bc2 Rc8 15.
O-O Nxd4 16. Bxd4 Bxd4+ 17. Qxd4 Qb6 18. Qxb6 Nxb6 19. Bd3 Nc4 20. Rf2 O-O 21.
Nd1 g5 22. b3 Nb6 23. Ne3 Rc3 24. Rd1 Nd7 25. g3 Nc5 26. Rfd2 gxf4 27. gxf4 Kh8
28. Kf2 f6 29. exf6 Rxf6 30. Kg3 d4 31. Ng4 Ne4+ 32. Kh4 Nxd2 33. Rxd2 Rxf4 34.
Kg5 Rf8 35. Kh6 Bf3 36. Ne5 Rc5 0-1

[Event "Zalakaros open (Barczay memorial)"]
[Site "Zalakaros"]
[Date "2019.05.23"]
[Round "1.12"]
[White "Meszaros, Tamas"]
[Black "Juhasz, Judit"]
[Result "1-0"]
[WhiteElo "2385"]
[BlackElo "1930"]
[PlyCount "39"]
[EventDate "2019.05.23"]
[EventType "swiss"]
[EventRounds "9"]
[EventCountry "HUN"]

1. e4 c5 2. Nf3 Nc6 3. Bb5 g6 4. O-O Bg7 5. Re1 e5 6. Bxc6 bxc6 7. c3 Ne7 8. d4
cxd4 9. cxd4 exd4 10. Nxd4 O-O 11. Nc3 d5 12. exd5 cxd5 13. Bg5 f6 14. Bf4 a6
15. Qe2 Ra7 16. Ne6 Bxe6 17. Qxe6+ Kh8 18. Bd6 Re8 19. Nxd5 Rd7 20. Bxe7 1-0

[Event "Zalakaros open (Barczay memorial)"]
[Site "Zalakaros"]
[Date "2019.05.23"]
[Round "1.13"]
[White "Bodrogi, Bendeguz"]
[Black "Videki, Sandor"]
[Result "0-1"]
[WhiteElo "1925"]
[BlackElo "2383"]
[PlyCount "40"]
[EventDate "2019.05.23"]
[EventType "swiss"]
[EventRounds "9"]
[EventCountry "HUN"]

1. Nf3 d5 2. c4 d4 3. g3 Nc6 4. Bg2 e5 5. d3 Bb4+ 6. Nbd2 a5 7. O-O Nf6 8. a3
Be7 9. Re1 O-O 10. h3 h6 11. e3 dxe3 12. Rxe3 Bc5 13. Nxe5 Bxe3 14. Nxc6 bxc6
15. fxe3 Qxd3 16. Qf3 Bd7 17. Kh1 Rfe8 18. Bf1 Qc2 19. Kg1 Rad8 20. Bg2 Bf5 0-1

[Event "Zalakaros open (Barczay memorial)"]
[Site "Zalakaros"]
[Date "2019.05.23"]
[Round "1.14"]
[White "Csonka, Attila Istvan"]
[Black "Sala, Dalibor"]
[Result "1-0"]
[WhiteElo "2376"]
[BlackElo "1918"]
[PlyCount "89"]
[EventDate "2019.05.23"]
[EventType "swiss"]
[EventRounds "9"]
[EventCountry "HUN"]

1. e4 c5 2. Nf3 Nc6 3. d4 cxd4 4. Nxd4 Nf6 5. Nc3 e5 6. Ndb5 d6 7. Bg5 a6 8.
Na3 b5 9. Nd5 Be7 10. Bxf6 Bxf6 11. c4 b4 12. Nc2 a5 13. g3 O-O 14. Bg2 Bg5 15.
O-O Be6 16. Qd3 Ne7 17. Nxe7+ Qxe7 18. Rfd1 Rfd8 19. a3 Rac8 20. b3 a4 21. Bf1
axb3 22. Qxb3 bxa3 23. Nxa3 f5 24. exf5 Bxf5 25. Nb5 Kh8 26. Qb4 Rc5 27. Ra7
Rxb5 28. cxb5 Qxa7 29. Rxd6 Qe7 30. Rxd8+ Qxd8 31. b6 h6 32. b7 Qb8 33. Bg2 e4
34. Qc5 Qxb7 35. Qxf5 Qb1+ 36. Bf1 Qe1 37. Kg2 e3 38. Qf8+ Kh7 39. Bd3+ g6 40.
Qf7+ Kh8 41. Qe8+ Kg7 42. Qxg6+ Kf8 43. f4 Bxf4 44. Qf6+ Ke8 45. Bb5# 1-0

[Event "Zalakaros open (Barczay memorial)"]
[Site "Zalakaros"]
[Date "2019.05.23"]
[Round "1.15"]
[White "Lukacs, Anna Kata"]
[Black "Borhy, Marcell"]
[Result "0-1"]
[WhiteElo "1915"]
[BlackElo "2374"]
[PlyCount "50"]
[EventDate "2019.05.23"]
[EventType "swiss"]
[EventRounds "9"]
[EventCountry "HUN"]

1. e4 d6 2. d4 Nf6 3. Nc3 Nbd7 4. f4 e5 5. Nf3 exd4 6. Qxd4 c6 7. Bc4 d5 8.
exd5 Bc5 9. Qd3 O-O 10. Bd2 Re8+ 11. Ne2 cxd5 12. Bxd5 Nxd5 13. Qxd5 Qe7 14.
O-O-O Nf6 15. Qc4 Be6 16. Qa4 Bd7 17. Qc4 b5 18. Qc3 Ne4 19. Qb3 Nxd2 20. Rxd2
Be3 21. Rhd1 Bg4 22. Qxb5 Bxf3 23. gxf3 Rad8 24. Qe5 Qxe5 25. fxe5 Rxd2 0-1

[Event "Zalakaros open (Barczay memorial)"]
[Site "Zalakaros"]
[Date "2019.05.23"]
[Round "1.16"]
[White "Krstulovic, Alex"]
[Black "Megyaszai, Balazs"]
[Result "1-0"]
[WhiteElo "2368"]
[BlackElo "1905"]
[PlyCount "59"]
[EventDate "2019.05.23"]
[EventType "swiss"]
[EventRounds "9"]
[EventCountry "HUN"]

1. d4 d5 2. c4 e6 3. Nf3 c6 4. Bg5 Nf6 5. Nc3 Be7 6. e3 O-O 7. cxd5 exd5 8. Bd3
Bg4 9. Qc2 h6 10. Bh4 a5 11. Ne5 Be6 12. O-O Na6 13. a3 Ng4 14. Bxe7 Qxe7 15.
Nf3 Nf6 16. h3 Nd7 17. Rae1 f5 18. Ne2 Nc7 19. Nf4 Rf6 20. Nh4 g5 21. Nxe6 Qxe6
22. Nxf5 Raf8 23. g4 Ne8 24. e4 Rxf5 25. gxf5 Qf7 26. e5 Qh5 27. Re3 Ng7 28. f6
Ne6 29. Bg6 Qh4 30. Qf5 1-0

[Event "Zalakaros open (Barczay memorial)"]
[Site "Zalakaros"]
[Date "2019.05.23"]
[Round "1.17"]
[White "Pater, Peter"]
[Black "Tompa, Janos"]
[Result "0-1"]
[WhiteElo "1901"]
[BlackElo "2356"]
[PlyCount "128"]
[EventDate "2019.05.23"]
[EventType "swiss"]
[EventRounds "9"]
[EventCountry "HUN"]

1. d4 Nf6 2. c4 e6 3. Nf3 Bb4+ 4. Bd2 Qe7 5. Nc3 b6 6. g3 Bb7 7. Bg2 O-O 8. O-O
Bxc3 9. Bxc3 Be4 10. Qd2 d6 11. b4 Nbd7 12. a4 c6 13. b5 Rfc8 14. Rfc1 cxb5 15.
cxb5 Nd5 16. Bb2 N7f6 17. Rxc8+ Rxc8 18. Rc1 Rc7 19. Ba3 Qd7 20. Qb2 Qc8 21.
Rxc7 Qxc7 22. Nd2 Bc2 23. Bxd6 Qc3 24. Qxc3 Nxc3 25. Kf1 Bxa4 26. Bb8 Bxb5 27.
Bxa7 Nxe2 28. Bxb6 Nd7 29. Ba7 Nxd4+ 30. Kg1 Ne2+ 31. Kh1 e5 32. Ne4 Bc6 33.
Nf6+ Nxf6 34. Bxc6 Nd4 35. Bb7 Kf8 36. Bb8 Nd7 37. Bd6+ Ke8 38. Be4 g6 39. f4
Nb5 40. Bxe5 Nxe5 41. fxe5 Ke7 42. Bd5 Nc3 43. Bb3 Ne4 44. Kg2 Nc5 45. Ba2 Nd3
46. Kf3 Nxe5+ 47. Kf4 Kf6 48. h4 Nd3+ 49. Ke3 Nc5 50. g4 h6 51. Kd4 Ne6+ 52.
Ke4 Ke7 53. Bb1 Kd6 54. Ba2 f6 55. h5 gxh5 56. gxh5 Ng7 57. Bf7 f5+ 58. Kf4 Ke7
59. Bc4 Kf6 60. Be2 Ne6+ 61. Kg3 Kg5 62. Bd1 Ng7 63. Be2 Nxh5+ 64. Bxh5 Kxh5
0-1

[Event "Zalakaros open (Barczay memorial)"]
[Site "Zalakaros"]
[Date "2019.05.23"]
[Round "1.18"]
[White "Vanczak, Tamas"]
[Black "Farkas, Otto Jr"]
[Result "1-0"]
[WhiteElo "2311"]
[BlackElo "1893"]
[PlyCount "143"]
[EventDate "2019.05.23"]
[EventType "swiss"]
[EventRounds "9"]
[EventCountry "HUN"]

1. d4 d5 2. Bf4 Nf6 3. e3 e6 4. Nf3 c5 5. c3 Nc6 6. Nbd2 c4 7. Qc2 b5 8. Be2
Bb7 9. O-O Bd6 10. Bxd6 Qxd6 11. e4 dxe4 12. Nxe4 Nxe4 13. Qxe4 Qd5 14. Qg4 O-O
15. Rad1 Rad8 16. Nd2 Ne7 17. Bf3 Qd7 18. Rfe1 Bxf3 19. Nxf3 Ng6 20. h4 Qc7 21.
Ne5 Nxe5 22. Rxe5 Rd5 23. Re3 h5 24. Qe4 Rfd8 25. Rde1 Rf5 26. Rg3 Rdd5 27. Qe3
Qf4 28. Qxf4 Rxf4 29. Rge3 Rdf5 30. f3 b4 31. Re5 bxc3 32. bxc3 Kh7 33. Kf2 Kg6
34. Kg3 Rxe5 35. dxe5 Rf5 36. Re4 f6 37. exf6 Kxf6 38. Rxc4 Ra5 39. a4 Ke5 40.
Kf2 g6 41. Ke3 Kd5 42. Rd4+ Ke5 43. Kd3 Ra6 44. g3 Rb6 45. Rb4 Rd6+ 46. Ke3 a6
47. Re4+ Kf6 48. Rd4 Rb6 49. Rb4 Rd6 50. Ke4 Rc6 51. Kd4 e5+ 52. Ke4 a5 53. Rb3
Rc4+ 54. Kd5 Rxa4 55. Rb6+ Kf5 56. Re6 Ra1 57. Rxe5+ Kf6 58. Re6+ Kf5 59. g4+
hxg4 60. fxg4+ Kxg4 61. Rxg6+ Kxh4 62. Kc5 Ra3 63. c4 Ra1 64. Ra6 Kg5 65. Kb5
Kf5 66. Rxa5 Rb1+ 67. Kc6+ Ke6 68. Ra2 Ke7 69. Rd2 Rh1 70. c5 Rc1 71. Kb6 Rb1+
72. Kc7 1-0

[Event "Zalakaros open (Barczay memorial)"]
[Site "Zalakaros"]
[Date "2019.05.23"]
[Round "1.19"]
[White "Deak, Laszlo"]
[Black "Radovanovic, Jovica"]
[Result "0-1"]
[WhiteElo "1892"]
[BlackElo "2306"]
[PlyCount "76"]
[EventDate "2019.05.23"]
[EventType "swiss"]
[EventRounds "9"]
[EventCountry "HUN"]

1. e4 c5 2. Nc3 Nc6 3. f4 g6 4. Nf3 Bg7 5. Bb5 Nd4 6. O-O a6 7. Bd3 d6 8. h3
Nf6 9. e5 Nh5 10. Nxd4 cxd4 11. Ne2 dxe5 12. fxe5 Bxe5 13. Bc4 O-O 14. d3 b5
15. Bb3 a5 16. a4 bxa4 17. Bxa4 Bg7 18. Qe1 e5 19. Bd2 Bb7 20. Bb3 a4 21. Bc4
Bd5 22. Bg5 f6 23. Bh4 Bxc4 24. dxc4 Bh6 25. Bf2 Qc7 26. b3 Rfb8 27. Ng3 Nf4
28. Ne4 Qc6 29. Bg3 f5 30. Bxf4 Bxf4 31. Nd2 axb3 32. Rxa8 Rxa8 33. cxb3 Be3+
34. Kh1 e4 35. Qd1 d3 36. Re1 Bf2 37. Rf1 Bd4 38. Qb1 Ra1 0-1

[Event "Zalakaros open (Barczay memorial)"]
[Site "Zalakaros"]
[Date "2019.05.23"]
[Round "1.20"]
[White "Ianov, Viktor"]
[Black "Blazeka, Djuro"]
[Result "1-0"]
[WhiteElo "2298"]
[BlackElo "1874"]
[PlyCount "103"]
[EventDate "2019.05.23"]
[EventType "swiss"]
[EventRounds "9"]
[EventCountry "HUN"]

1. Nf3 Nf6 2. g3 d5 3. Bg2 e6 4. O-O Be7 5. c4 O-O 6. b3 c5 7. Bb2 Nc6 8. e3 b6
9. Nc3 Bb7 10. cxd5 exd5 11. d4 Re8 12. Rc1 Ne4 13. dxc5 Nxc3 14. Bxc3 Bxc5 15.
Qd3 Qe7 16. Rfd1 Rad8 17. Nd4 Nxd4 18. Bxd4 Bxd4 19. Qxd4 h6 20. h4 Rd7 21. Rc2
Red8 22. Rdc1 Qd6 23. Rc3 Kf8 24. Bf3 Re7 25. Kg2 Rdd7 26. Rd1 Qe5 27. Rcd3 Qc7
28. Qb2 Qd8 29. Rd4 f5 30. h5 Rd6 31. Rf4 Rf7 32. Qa3 Ke7 33. Qxa7 Kf6 34. Qa3
g5 35. hxg6 Kxg6 36. Rdd4 Bc8 37. Rh4 Rc7 38. Qb2 Rc5 39. b4 Rcc6 40. Qd2 Be6
41. a4 Rc4 42. Be2 Rxd4 43. Rxd4 Qc7 44. Bf3 Qc6 45. Qd1 Qc3 46. b5 Qc5 47. Qh1
Qc7 48. Qh5+ Kg7 49. Qh4 Qf7 50. Qf4 Rd7 51. Qb8 Rb7 52. Qe5+ 1-0

[Event "Zalakaros open (Barczay memorial)"]
[Site "Zalakaros"]
[Date "2019.05.24"]
[Round "2.1"]
[White "Horvath, Adam"]
[Black "Hardicsay, Peter"]
[Result "1-0"]
[WhiteElo "2531"]
[BlackElo "2207"]
[PlyCount "79"]
[EventDate "2019.05.23"]
[EventType "swiss"]
[EventRounds "9"]
[EventCountry "HUN"]

1. e4 c5 2. Nf3 Nc6 3. Bb5 e6 4. O-O Nge7 5. d4 cxd4 6. Nxd4 Nxd4 7. Qxd4 a6 8.
Be2 Nc6 9. Qc3 b5 10. a4 b4 11. Qg3 Bb7 12. Be3 Rc8 13. Nd2 Na5 14. Rac1 h5 15.
h4 Be7 16. Bd4 Rh7 17. Qe3 Qc7 18. Rfd1 Bc5 19. Nf3 Bxd4 20. Rxd4 Nc6 21. Rd2
Rd8 22. Rcd1 Ne5 23. Nxe5 Qxe5 24. Qa7 Bc6 25. Qxa6 Rh6 26. Bb5 Ra8 27. Qb6 Rb8
28. Qe3 Bxb5 29. axb5 Rb7 30. b6 Rg6 31. Rd4 Rg4 32. g3 Qb5 33. Rd6 Qe5 34.
R6d4 Qb5 35. Qd2 Qe5 36. Qd3 Qc5 37. Rxd7 Rxg3+ 38. Qxg3 Rxd7 39. Rxd7 Kxd7 40.
b7 1-0

[Event "Zalakaros open (Barczay memorial)"]
[Site "Zalakaros"]
[Date "2019.05.24"]
[Round "2.5"]
[White "Horvath, Jozsef"]
[Black "Bozinovic, Bogdan"]
[Result "1/2-1/2"]
[WhiteElo "2451"]
[BlackElo "2197"]
[PlyCount "82"]
[EventDate "2019.05.23"]
[EventType "swiss"]
[EventRounds "9"]
[EventCountry "HUN"]

1. Nf3 c5 2. c4 Nf6 3. Nc3 e6 4. e3 d5 5. cxd5 exd5 6. d4 Nc6 7. Bb5 Bd6 8.
dxc5 Bxc5 9. O-O O-O 10. b3 a6 11. Bxc6 bxc6 12. Bb2 Bd6 13. Rc1 Bb7 14. Na4
Ne4 15. Nd4 Qf6 16. Qg4 Qh6 17. h3 f5 18. Nxf5 Rxf5 19. Qxf5 Bc8 20. Qf3 Ng5
21. Qe2 Nxh3+ 22. gxh3 Bxh3 23. f4 Re8 24. Rf3 Bg4 25. Qg2 Bxf3 26. Qxf3 Re6
27. Rxc6 Qg6+ 28. Kf1 Qd3+ 29. Qe2 Qf5 30. Qc2 Qg4 31. Qe2 Qf5 32. Rc8+ Kf7 33.
Qc2 Re4 34. Rc7+ Bxc7 35. Qxc7+ Re7 36. Qc3 Qh3+ 37. Ke2 Qg2+ 38. Kd3 Qe4+ 39.
Kd2 Qg2+ 40. Kd3 Qe4+ 41. Kd2 Qg2+ 1/2-1/2

[Event "Zalakaros open (Barczay memorial)"]
[Site "Zalakaros"]
[Date "2019.05.24"]
[Round "2.6"]
[White "Biro, Sandor"]
[Black "Bagi, Mate"]
[Result "0-1"]
[WhiteElo "2198"]
[BlackElo "2450"]
[PlyCount "102"]
[EventDate "2019.05.23"]
[EventType "swiss"]
[EventRounds "9"]
[EventCountry "HUN"]

1. e4 e5 2. Nf3 Nc6 3. Nc3 Nf6 4. a3 d5 5. Bb5 Nxe4 6. Qe2 Qd6 7. Nxe4 dxe4 8.
Qxe4 Bd7 9. O-O O-O-O 10. d3 f6 11. Bd2 g5 12. Bb4 Qe6 13. Rfe1 g4 14. Bxc6
Qxc6 15. Qxc6 Bxc6 16. Bxf8 gxf3 17. Bb4 Rdg8 18. g3 h5 19. h4 Rg4 20. Kh2 Rhg8
21. Rad1 f5 22. Rxe5 f4 23. Be1 Re8 24. Rxe8+ Bxe8 25. d4 fxg3+ 26. fxg3 Re4
27. Kg1 Re2 28. Bf2 Rxc2 29. Rd3 Rxb2 30. Rxf3 Rb1+ 31. Kh2 Bc6 32. Rf8+ Kd7
33. g4 hxg4 34. Kg3 Ke7 35. Rf4 Bd7 36. d5 Rb3+ 37. Kg2 Kd6 38. Rf7 Be8 39. Rf8
Bd7 40. Rf7 Bb5 41. Rf5 Bd3 42. Bg3+ Kc5 43. Bf2+ Kc4 44. Re5 Rxa3 45. h5 Ra6
46. Kg3 b5 47. Re7 b4 48. Rxc7+ Kxd5 49. Rd7+ Kc4 50. Rc7+ Kb3 51. Bxa7 Ka2 0-1

[Event "Zalakaros open (Barczay memorial)"]
[Site "Zalakaros"]
[Date "2019.05.24"]
[Round "2.9"]
[White "Almasi, Istvan"]
[Black "Fucak, Emilio Milko"]
[Result "1-0"]
[WhiteElo "2407"]
[BlackElo "2180"]
[PlyCount "49"]
[EventDate "2019.05.23"]
[EventType "swiss"]
[EventRounds "9"]
[EventCountry "HUN"]

1. e4 e6 2. d4 d5 3. e5 b6 4. c3 Qd7 5. Nh3 a5 6. Nf4 Ba6 7. Bxa6 Rxa6 8. O-O
c5 9. a4 c4 10. b3 cxb3 11. Qxb3 h5 12. c4 dxc4 13. Qxc4 g5 14. Ne2 Be7 15.
Nbc3 Qc6 16. Qd3 Ra7 17. Ne4 g4 18. Ba3 Kf8 19. f3 Bxa3 20. Qxa3+ Re7 21. Rac1
Qd7 22. fxg4 hxg4 23. Nd6 Nh6 24. Nc8 Nf5 25. Rxf5 1-0

[Event "Zalakaros open (Barczay memorial)"]
[Site "Zalakaros"]
[Date "2019.05.24"]
[Round "2.10"]
[White "Cubar, Vladimir"]
[Black "Persanyi, Barnabas"]
[Result "0-1"]
[WhiteElo "2165"]
[BlackElo "2404"]
[PlyCount "100"]
[EventDate "2019.05.23"]
[EventType "swiss"]
[EventRounds "9"]
[EventCountry "HUN"]

1. Nf3 c5 2. c3 d5 3. d4 Nf6 4. Bf4 Nc6 5. e3 Qb6 6. Qc1 Bf5 7. Nbd2 e6 8. Be2
Be7 9. h3 Ne4 10. Nxe4 Bxe4 11. O-O Rc8 12. Qd2 O-O 13. Ne5 Rfd8 14. Bd3 Bxd3
15. Nxd3 f6 16. Bh2 Na5 17. Rab1 Qc6 18. Qe2 Nc4 19. Rfe1 b6 20. Rbd1 Bf8 21.
Nf4 b5 22. b3 Nb6 23. Qg4 f5 24. Qe2 Bd6 25. Nd3 c4 26. Ne5 Bxe5 27. Bxe5 a6
28. g4 Nd7 29. gxf5 exf5 30. Qf3 Qe6 31. b4 Nxe5 32. dxe5 Qxe5 33. Rd4 Rc6 34.
Red1 Rcd6 35. Kf1 g6 36. Ke2 Kf7 37. h4 h6 38. Qg2 R8d7 39. f4 Qe6 40. Qf3 Kf6
41. h5 g5 42. fxg5+ hxg5 43. Kf2 Qe5 44. h6 Qh2+ 45. Kf1 Ke6 46. e4 fxe4 47.
Qg4+ Ke7 48. Rxe4+ dxe4 49. Qxe4+ Kf8 50. Rxd6 Qxd6 0-1

[Event "Zalakaros open (Barczay memorial)"]
[Site "Zalakaros"]
[Date "2019.05.24"]
[Round "2.11"]
[White "Srinath, Rao S.V"]
[Black "Medancic, Rikard"]
[Result "1-0"]
[WhiteElo "2395"]
[BlackElo "2167"]
[PlyCount "75"]
[EventDate "2019.05.23"]
[EventType "swiss"]
[EventRounds "9"]
[EventCountry "HUN"]

1. e4 g6 2. d4 Bg7 3. c3 d6 4. Bd3 a6 5. a4 b6 6. Ne2 e6 7. O-O Ne7 8. f4 f5 9.
exf5 exf5 10. Qb3 d5 11. Be3 Nd7 12. a5 b5 13. Nd2 Nf6 14. Qc2 O-O 15. Nf3 Bb7
16. Ne5 Ne4 17. Ng3 Kh8 18. Be2 Ng8 19. Nxe4 dxe4 20. b3 Nf6 21. c4 c6 22. Rfd1
Rc8 23. Qb2 Qe8 24. Qa3 Nd7 25. Qd6 Nxe5 26. dxe5 Rf7 27. Bb6 Bf8 28. Qd2 Qe6
29. Rac1 Re8 30. b4 Bc8 31. cxb5 cxb5 32. Bc5 Bxc5+ 33. Rxc5 Rd7 34. Qc3 Red8
35. Rxd7 Bxd7 36. Bd1 Bc6 37. Bb3 Bd5 38. Qd4 1-0

[Event "Zalakaros open (Barczay memorial)"]
[Site "Zalakaros"]
[Date "2019.05.24"]
[Round "2.12"]
[White "Michalicka, Milan"]
[Black "Meszaros, Tamas"]
[Result "0-1"]
[WhiteElo "2160"]
[BlackElo "2385"]
[PlyCount "82"]
[EventDate "2019.05.23"]
[EventType "swiss"]
[EventRounds "9"]
[EventCountry "HUN"]

1. d4 Nf6 2. c4 e6 3. g3 Bb4+ 4. Bd2 a5 5. Bg2 d5 6. Nf3 O-O 7. O-O c6 8. Qb3
Be7 9. Bf4 Nbd7 10. Rd1 a4 11. Qc2 b5 12. cxb5 cxb5 13. Nbd2 Bb7 14. Bc7 Qc8
15. Rac1 Ra6 16. Qd3 Bc6 17. Bf4 Qb7 18. Ne5 Nxe5 19. Bxe5 Nd7 20. Bf4 b4 21.
Qe3 Rc8 22. Bf1 Bb5 23. b3 Rac6 24. Nb1 Rc2 25. Rxc2 Rxc2 26. Rc1 Rxa2 27. Rc7
Qa6 28. bxa4 Rxa4 29. Qc1 Bf8 30. Nd2 Ra1 31. Qb2 Bxe2 32. Qxa1 Qxa1 33. Rxd7
Bxf1 34. Nxf1 b3 35. Rd8 b2 36. Bd6 h6 37. Rxf8+ Kh7 38. Rb8 b1=Q 39. Rxb1 Qxb1
40. Bf4 f6 41. f3 Qd1 0-1

[Event "Zalakaros open (Barczay memorial)"]
[Site "Zalakaros"]
[Date "2019.05.24"]
[Round "2.13"]
[White "Videki, Sandor"]
[Black "Pasti, Aron"]
[Result "1/2-1/2"]
[WhiteElo "2383"]
[BlackElo "2164"]
[PlyCount "149"]
[EventDate "2019.05.23"]
[EventType "swiss"]
[EventRounds "9"]
[EventCountry "HUN"]

1. e4 e5 2. Nf3 Nc6 3. Nc3 g6 4. d4 exd4 5. Nxd4 Bg7 6. Be3 Nf6 7. Nxc6 bxc6 8.
e5 Ng8 9. f4 d5 10. Qf3 Ne7 11. O-O-O O-O 12. Bd4 f6 13. exf6 Bxf6 14. Bxf6
Rxf6 15. Ne4 Rf5 16. g4 Rf8 17. Qg3 Qe8 18. Nc5 Qd8 19. Bg2 Qd6 20. Nd3 Rb8 21.
c3 Ba6 22. Ne5 Rfe8 23. Rhe1 Nc8 24. Rd4 Nb6 25. g5 Re7 26. Red1 Kg7 27. Qh4
Rbe8 28. R4d2 Nc4 29. Nxc4 Bxc4 30. f5 gxf5 31. Qd4+ Qe5 32. Qxa7 Qe3 33. Qxe3
Rxe3 34. Rf2 Kg6 35. Bf1 Bxa2 36. Bd3 R8e5 37. Kd2 Kxg5 38. Rg1+ Kh6 39. Rf4
Rh3 40. Rg2 Rh5 41. h4 Bc4 42. Bc2 Bb5 43. Bd1 Re4 44. Rxe4 fxe4 45. Bxh5 Kxh5
46. Rg7 h6 47. Rh7 Kxh4 48. Rxh6+ Kg5 49. Rh7 Kf4 50. Rf7+ Ke5 51. Rxc7 Kd6 52.
Rb7 Kc5 53. b3 Ba6 54. Ra7 Bb5 55. Rd7 Ba6 56. Ke3 Bb5 57. Rh7 Bd3 58. Rh6 Bb5
59. Rf6 Bd3 60. b4+ Kb6 61. Kd4 Bb5 62. Rf8 Bc4 63. Re8 Be2 64. Ra8 Bd3 65. Ra1
Bc4 66. Rg1 Kb5 67. Rg3 Bd3 68. Rg8 Kb6 69. Rb8+ Ka7 70. Re8 Kb6 71. Ke5 Kb5
72. Kd4 Kb6 73. Rh8 Bc4 74. Rb8+ Kc7 75. Ra8 1/2-1/2

[Event "Zalakaros open (Barczay memorial)"]
[Site "Zalakaros"]
[Date "2019.05.24"]
[Round "2.14"]
[White "Geher, Koppany"]
[Black "Csonka, Attila Istvan"]
[Result "1-0"]
[WhiteElo "2113"]
[BlackElo "2376"]
[PlyCount "67"]
[EventDate "2019.05.23"]
[EventType "swiss"]
[EventRounds "9"]
[EventCountry "HUN"]

1. e4 c5 2. Nf3 e6 3. d4 cxd4 4. Nxd4 Nc6 5. Nc3 Qc7 6. Be3 a6 7. a3 Be7 8. Qg4
h5 9. Qg3 Qxg3 10. hxg3 Nf6 11. Nxc6 bxc6 12. Be2 e5 13. g4 d5 14. exd5 Bxg4
15. f3 Bd7 16. O-O-O h4 17. Bc4 Nh5 18. Rhe1 O-O 19. Ne4 Ng3 20. d6 Bf6 21. Nc5
Rfd8 22. Bxa6 Nf5 23. Bf2 Rab8 24. b4 Nd4 25. Ne4 Ra8 26. Bxd4 exd4 27. Nxf6+
gxf6 28. Bc4 Bf5 29. Rxd4 Rxa3 30. Kb2 Ra7 31. Re7 Rad7 32. Bxf7+ Kf8 33. Rxd7
Rxd7 34. Bb3 1-0